000 01404cam a22003737a 4500
003 CHAP
005 20220329142147.0
008 000121d1993 mx r 00110 spa d
010 _a79367
011 _a80339
035 _a90789
040 _cCHAP
090 _aTesis
100 0 0 _aRamírez Reynoso, Juan Carlos.
_994214
245 1 0 _aEvaluación final por estabilidad de rendimiento de 11 genotipos de trigo (Triticum aestivum L.) en 15 ambientes en el Bajío, (Guanajuato-Michoacán) para la obtención de variedades. II
_c/por Juan Carlos Ramírez Reynoso
260 _aIrapuato, Gto. :
_bEl autor,
_c1993.
300 _a48 h. :
_bcuadros
502 _aTesis (Ing. Agr. Fitotecnista) -- Universidad de Guanajuato. Escuela de Agronomíaa y Zootecnia
590 _aALEPH
_b10
_c20130110
_lUCH01
_h1430
590 _aBATCH-UPD
_b10
_c20130110
_lUCH01
_h0721
590 _aBATCH-UPD
_b10
_c20130410
_lUCH01
_h0405
590 _aBATCH-UPD
_b10
_c20130914
_lUCH01
_h1952
590 _aCONVERSION
_b10
_c20130109
_lUCH01
_h1344
650 1 4 _aTrigo
_xGenética.
_9115030
650 1 4 _aTrigo
_xGuanajuato.
_9115035
650 1 4 _aTrigo
_xMejoramiento.
_9115057
650 1 4 _aTrigo
_xMichoacán.
_9115062
650 1 4 _aTrigo
_xRendimiento.
_9115092
650 1 4 _aTrigo
_xVariedades.
_9115119
901 _aBK
905 _aGuadalupe Pinto C.
942 _cTESIS
949 _bBC
_cTES
_d907891
_eTS1
_h34034
_i90789
_sb
999 _c79367
_d79367